| 000 | 00590nam a2200169 i 4500 | ||
|---|---|---|---|
| 001 | 46435 | ||
| 003 | ES-MaACL | ||
| 007 | t| | ||
| 008 | 030328s1964 sp ||||1| spa d | ||
| 245 | 0 | 0 | _aConferencias 1962-63. |
| 260 |
_aMadrid : _b[s.n., _c1960] ( _fImp. Suc. Rivadeneyra) |
||
| 300 |
_a183 p. : _b2 gráf. ; _c24 cm. |
||
| 500 | _aPrecede al tít.: Ministerio de Agricultura. Instituto Nacional de Investigaciones Agronómicas. | ||
| 710 |
_aInstituto Nacional de Investigaciones Agronómicas _c(España) _9219222 |
||
| 852 |
_aES-MaACL _jB-25254 _bR.54235 |
||
| 999 |
_c46435 _d46435 |
||